000 03260nam0a2200493 4500
001 RU\NLR\BIBL_A\011718948
005 20250630160210.0
020 _aRU
_b15189
_9Сводный каталог листовок первых лет Советской власти (25 октября (7 ноября) 1917 - 1925) Т.5. Листовки советских, партийных, профсоюзных, комсомольских и других организаций Уральской области, автономных областей и республик РСФСР. Ч.2
035 _a(NLR Aleph) 011718948
090 _a11472265
_c11472265
100 _a20180604d1921 |||y0rusy50 ca
101 0 _arus
102 _aRU
105 _ay z 000zy
135 _acrcn 024anaba
200 1 _aПриказ № 21-й Оханского уездного продовольственного совещания за 28-е дек. 1921 г.: [Об условиях конфискации продуктов для военного постоя
_eлистовка]
210 _aОханск
_cтип. Экон. отд.
_d1921, [дек.]
215 _a1 с.
_d19x15
300 _aПодписи: предупродсовещания Зеленцов; предуисполкома Бояршинов; упродкомиссар Антонов; за ответствен. секретаря Укома Лещев
300 _aОбращение: Всем предрайтроен, предволтроек с копии начальникам отрядов
325 _aКопия доступна в Электрон. б-ке РНБ
517 1 _aОб условиях конфискации продуктов для военного постоя
540 1 _aВсем предрайтроен, предволтроек с копии начальникам отрядов
607 _aРСФСР
_jЛистовки
_xПолитика и управление
_y1917 - 1925
_92312782
_3RU\NLR\auth\6601609564
686 0 _aТ3(2)71-313,011
686 0 _aТ3(2Р-4Пе)713-2,011
702 1 _aЗеленцов
_cучастник местного самоуправления, г. Оханск
_4720
702 1 _aБояршинов
_cучастник местного самоуправления, г. Оханск
_4720
702 1 _aЛещев
_cучастник местного самоуправления, г. Оханск
_4720
702 1 _aАнтонов
_cучастник местного самоуправления, г. Оханск
_4720
710 0 2 _aОханское уездное продовольственное совещание
_9625515
_3RU\NLR\AUTH\880482498
852 0 0 _aNLR
_bФЛ
_j46/41
856 0 _uhttps://vivaldi.nlr.ru/ll700001060/view
856 1 _uhttps://vivaldi.nlr.ru/ll700001060/cover
856 2 _uhttps://vivaldi.nlr.ru/ll700001060/text
942 _cBOOK
980 _aNB
981 2 1 _a(21) Листовки
_b(21) Листовки 1921 года